Loading...
| History - World History | 0 | 4 | 0 | 1 | 40 | 92 | 103.75 | 0 | 0 |
| History - European History | 0 | 3 | 1 | 0 | 25 | 69 | 90.67 | 1 | 1 |
| Geography/Current Events | 0 | 2 | 0 | 1 | 20 | 61 | 88.00 | 1 | 1 |
| Religion | 0 | 2 | 0 | 0 | 20 | 101 | 108.50 | 0 | 1 |
| Science - Chemistry | 0 | 2 | 0 | 1 | 20 | 67 | 98.00 | 0 | 0 |
| Fine Arts - Classical Music | 0 | 1 | 0 | 1 | 10 | 127 | 127.00 | 0 | 1 |
| Fine Arts - Other Fine Arts | 0 | 1 | 0 | 0 | 10 | 122 | 122.00 | 0 | 0 |
| Literature - American Literature | 0 | 1 | 0 | 0 | 10 | 140 | 140.00 | 0 | 0 |
| Science - Biology | 0 | 1 | 0 | 0 | 10 | 114 | 114.00 | 0 | 0 |
| Science - Physics | 0 | 1 | 0 | 0 | 10 | 105 | 105.00 | 0 | 0 |
| Social Science | 0 | 1 | 0 | 1 | 10 | 114 | 114.00 | 0 | 0 |
| Philosophy | 0 | 1 | 1 | 0 | 5 | 57 | 57.00 | 1 | 1 |
| Literature - British Literature | 0 | 1 | 1 | 0 | 5 | 112 | 112.00 | 0 | 0 |
| History - Other History | 0 | 2 | 3 | 0 | 5 | 104 | 107.00 | 0 | 1 |
| Literature - European Literature | 0 | 1 | 1 | 1 | 5 | 144 | 144.00 | 0 | 0 |
| Literature - World/Other Literature | 0 | 1 | 1 | 0 | 5 | 135 | 135.00 | 0 | 0 |
| Mythology | 0 | 0 | 1 | 0 | -5 | 0.00 | 0 | 0 |